[Event "ZI-2010-0-00698"]
[Site "LSS email"]
[Date "2010.04.06"]
[Round "?"]
[White "Johansson, Peter"]
[Black "Sherwood, Russell"]
[Result "0-1"]
[WhiteElo "1871"]
[BlackElo "1694"]
[PlyCount "30"]
[EventDate "2010.03.30"]
[EventType "match (corr)"]
[EventRounds "2"]
[EventCountry "GER"]
[SourceTitle "Corr 2013"]
[Source "ChessBase"]
[SourceDate "2012.11.12"]
[SourceVersion "1"]
[SourceVersionDate "2012.11.12"]
[SourceQuality "1"]

1. d4 f5 2. g3 Nf6 3. Bg2 g6 4. c4 Bg7 5. Nc3 d6 6. d5 0-0 7. Nh3 Nbd7 8. Qc2 Ne5 9. b3 c6 10. Bb2 cxd5 11. cxd5 Bd7 12. 0-0 Rc8 13. Rac1 b5 14. Qd2 Qb6 15. Nf4 Bh6 0-1

[Event "ZI-2010-0-00698"]
[Site "LSS email"]
[Date "2010.04.06"]
[Round "?"]
[White "Sherwood, Russell"]
[Black "Johansson, Peter"]
[Result "1-0"]
[WhiteElo "1694"]
[BlackElo "1871"]
[PlyCount "37"]
[EventDate "2010.03.30"]
[EventType "match (corr)"]
[EventRounds "2"]
[EventCountry "GER"]
[SourceTitle "Telechess CBM 147"]
[Source "ChessBase"]
[SourceDate "2012.03.16"]
[SourceVersion "1"]
[SourceVersionDate "2012.03.16"]
[SourceQuality "1"]

1. e4 e6 2. d4 d5 3. e5 c5 4. Nc3 cxd4 5. Nb5 Nc6 6. Nf3 Bc5 7. Nbxd4 Bxd4 8. Nxd4 Nxe5 9. Nb5 Nf6 10. Bf4 a6 11. Bxe5 axb5 12. Bxb5+ Bd7 13. Bd3 0-0 14. 0-0 Bc6 15. Re1 Ne4 16. Bxe4 dxe4 17. Qg4 g6 18. Rad1 f5 19. Qf4 1-0

[Event "LSS ZI-2009-0-00440"]
[Site "LSS email"]
[Date "2009.06.11"]
[Round "?"]
[White "Johansson, Peter"]
[Black "Erdos, Viktor"]
[Result "1-0"]
[WhiteElo "1871"]
[BlackElo "1200"]
[PlyCount "27"]
[EventDate "2009.05.30"]
[EventType "match (corr)"]
[EventRounds "2"]
[EventCountry "GER"]
[SourceTitle "Corr 2013"]
[Source "ChessBase"]
[SourceDate "2012.11.12"]
[SourceVersion "1"]
[SourceVersionDate "2012.11.12"]
[SourceQuality "1"]

1. e4 e5 2. Nf3 Nc6 3. Bb5 Nf6 4. 0-0 Nxe4 5. d4 Bd6 6. dxe5 Bxe5 7. Bxc6 bxc6 8. Nxe5 Qe7 9. Nd3 0-0 10. Qe2 Ba6 11. f3 Bxd3 12. cxd3 Qc5+ 13. Be3 Qe5 14. fxe4 1-0